000 00379nam a22001457a 4500
008 170321b xxu||||| |||| 00| 0 eng d
020 _a9781583402559
050 _aHF 5829
_b.P48 2003
100 _aPetley,Julian
245 _aAdvertising/
_cJulian Petley
260 _aUSA
_bSmart Apple Media
_c2003
300 _a64p
500 _ainludes glossary and index
942 _2lcc
_cBK
999 _c49568
_d49568